Normal view
MARC view
- مركز الامارات للدراسات والبحوث الاستراتيجية
Entry Personal Name
001 - CONTROL NUMBER
- control field: 46560
003 - CONTROL NUMBER IDENTIFIER
- control field: JO-AjAnu
005 - DATE AND TIME OF LATEST TRANSACTION
- control field: 20230606081708.0
008 - FIXED-LENGTH DATA ELEMENTS
- fixed length control field: 230606|| aca||aabn | a|a d
040 ## - CATALOGING SOURCE
- Original cataloging agency: JO-AjAnu
- Transcribing agency: JO-AjAnu
100 ## - HEADING--PERSONAL NAME
- Personal name: مركز الامارات للدراسات والبحوث الاستراتيجية
670 ## - SOURCE DATA FOUND
- Source citation: Work cat.: (JO-AjAnu)23833: مركز الامارات للدراسات والبحوث الاستراتيجية, author, المؤتمر العلمي السنوي السادس عشر: بحوث مؤتمر التحكيم التجاري الدولي : أهم الحلول البديلة لحل التزاعات التجارية، المجلد الثاني